Palmarès de l'Eurobasket féminin - Statistiques

Statistiques générales
  • Ce quiz a été pris 41 fois
    22 depuis la dernière actualisation
  • Le résultat moyen est 31 sur 40
Statistiques - réponses
Hint Réponse % Correct
2009 France
100%
2001 France
100%
2019 Espagne
95%
2017 Espagne
95%
2013 Espagne
95%
1993 Espagne
95%
1938 Italie
95%
2025 Belgique
89%
2023 Belgique
89%
2011 Russie
84%
2007 Russie
84%
2003 Russie
84%
1991 URSS
74%
1989 URSS
74%
1987 URSS
74%
1985 URSS
74%
1983 URSS
74%
1981 URSS
74%
1980 URSS
74%
1978 URSS
74%
1976 URSS
74%
1974 URSS
74%
1972 URSS
74%
1970 URSS
74%
1968 URSS
74%
1966 URSS
74%
1964 URSS
74%
1962 URSS
74%
1960 URSS
74%
1956 URSS
74%
1954 URSS
74%
1952 URSS
74%
1950 URSS
74%
2021 Serbie
68%
2015 Serbie
68%
1997 Lituanie
58%
1999 Pologne
58%
2005 République Tchèque
58%
1995 Ukraine
53%
1958 Bulgarie
42%
Aucun quiz correspondant
Distribution des résultats
% des personnes avec chaque résultat
Percentile par nombre de réponses
Votre historique - résultats
Vous n’avez pas pris ce quiz depuis la dernière actualisation